Star Wars : Tous les personnages - Statistiques

Statistiques générales
  • Ce quiz a été pris 2 051 fois
    2 036 depuis la dernière actualisation
  • Le résultat moyen est 37 sur 213
Statistiques - réponses
Indices Episodes Personnages % Correct
Jedi/Sith I II III IV V VI Anakin Skywalker/Dark Vador
94%
Jedi I II III V VI Yoda
90%
Jedi I II III IV V VI Obi-Wan Kenobi
89%
Sénateur/Sith I II III V VI Sheev Palpatine/Dark Sidious
83%
Jedi III IV V VI VII Luke Skywalker
81%
Jedi I II III Mace Windu
81%
Princesse III IV V VI VII Leia Organa
79%
Contrebandier IV V VI VII Han Solo
78%
Sénatrice I II III Padmé Amidala
76%
Sith I Dark Maul
75%
Droïde astromech I II III IV V VI VII R2-D2
73%
Droïde de protocole I II III IV V VI VII C-3PO
72%
Chasseur de primes II V VI Boba Fett
69%
Wookie III IV V VI VII Chewbacca
68%
Jedi VII Rey
67%
Chasseur de primes II Jango Fett
66%
Jedi I Qui-Gon Jinn
64%
Déserteur VII Finn
63%
Gungan I II III Jar Jar Binks
60%
Sith VII Kylo Ren/Ben Solo
60%
Sith II III Comte Dooku/Dark Tyranus
59%
Gangster I IV VI Jabba le Hutt
58%
Pilote de la Résistance VII Poe Dameron
52%
Droïde astromech VII BB-8
51%
Grand Moff III IV Wilhuff Tarkin
50%
Séparatiste III Général Grievous
47%
Leader Suprême VII Snoke
45%
Commandant Clone III Cody
44%
Jedi I II III Plo Koon
44%
Commandant Clone III Gree
43%
Jedi I II III Ki-Adi-Mundi
43%
Contrebandier V VI Lando Calrissian
42%
Jedi II III Kit Fisto
41%
Sénateur II III Bail Organa
40%
Chasseur de primes IV Greedo
37%
Général du Premier Ordre VII Armitage Hux
36%
Chancelier I Finis Valorum
36%
Amiral Rebelle VI VII Gial Ackbar
36%
Esclave I II Shmi Skywalker
36%
Fermier II III IV Owen Lars
35%
Podracer I Sebulba
35%
Fédération I II III Nute Gunray
33%
Capitaine du Premier Ordre VII Capitaine Phasma
31%
Jedi I Yaddle
29%
Jedi II III Aayla Secura
28%
Marchand I II Watto
27%
Pilote Rebelle IV V VI Wedge Antilles
26%
Chasseur de primes V Bossk
25%
Jedi II III Luminara Unduli
25%
Fermière II III IV Beru Whitesun
24%
Sénatrice III VI Mon Mothma
22%
Captaine I Quarsh Panaka
22%
Jedi II Shaak Ti
22%
Ewok VI Wicket
22%
Chasseur de primes V IG-88
21%
Gungan I III Boss Nass
20%
Pirate VII Maz Kanata
19%
Gangter I VI Bib Fortuna
18%
Wookie III Tarfull
18%
Jedi I Adi Gallia
16%
Séparatiste II III Poggle le Bref
16%
Doublure I Sabé
16%
Chasseur de primes V Dengar
15%
Jedi I Eeth Koth
15%
Amiral de l'Empire V VI Firmus Piett
15%
Kaminoan II Lama Su
15%
Pilote Rebelle IV Biggs Darklighter
14%
Commandant Clone III Bly
14%
Jedi II Coleman Trebor
14%
Général de l'Empire V Maximilian Veers
14%
Jedi I Yarael Poof
14%
Chasseuse de primes II Zam Wesell
14%
Fermier II Cliegg Lars
13%
Administrateur V Lobot
13%
Séparatiste II III Wat Tambor
13%
Jedi II III Agen Kolar
12%
Doublure II Cordé
12%
Restaurateur II Dexter Jettster
12%
Jedi I Even Piell
12%
Fédération I Lott Dod
12%
Musicien VI Max Rebo
12%
Jedi I Oppo Rancisis
12%
Chasseur de primes V 4-LOM
11%
Commandant Clone III Bacara
11%
Jedi II Barriss Offee
11%
Jedi I Depa Billaba
11%
Capitaine II III Gregar Typho
11%
Chasseuse de primes I Aurra Sing
10%
Général Rebelle IV Jan Dodonna
10%
Jedi II Jocasta Nu
10%
Esclave VI Oola
10%
Gungan I Roos Tarpals
10%
Jedi I II III Saesee Tiin
10%
Ferrailleur VII Unkar Plutt
10%
Chasseur de primes V Zuckuss
10%
Ewok VI Chirpa
9%
Servante II Dormé
9%
Amiral de l'Empire V Kendal Ozzel
9%
Sénateur I II III Mas Amedda
9%
Commandant Clone III Neyo
9%
Fédération I II III Rune Haako
9%
Jedi III Stass Allie
9%
Kaminoan II Taun We
9%
Ewok VI Logray
8%
Capitaine de l'Empire V Lorth Needa
8%
Cantina IV Ponda Baba
8%
Gangster VI Salacious B. Crumb
8%
Gouverneur I II Sio Bibble
8%
Ewok VI Teebo
8%
Officier de l'Empire IV Wullf Yularen
8%
Femme de sénateur III Breha Organa
7%
Cantina IV Cornelius Evazan
7%
Général Rebelle VI Crix Madine
7%
Pilote Rebelle VI VII Nien Nunb
7%
Capitaine Rebelle III IV Raymus Antilles
7%
Reine III Reine Apailana
7%
Reine II Reine Jamillia
7%
Jedi II Bultar Swan
6%
Général Rebelle V Carlist Rieekan
6%
Amiral de l'Empire IV Conan Antonio Motti
6%
Pilote Rebelle V Dak Ralter
6%
Espion IV Garindan
6%
Enfant I Kitster
6%
Séparatiste II III Passel Argente
6%
Pilote I Ric Olié
6%
Séparatiste II III San Hill
6%
Séparatiste II III Shu Mai
6%
Moff VI Tiaan Jerjerrod
6%
Pau'an III Tion Medon
6%
Droïde médical V 2-1B
5%
Sénateur III Ask Aak
5%
Gangster VII Bala-Tik
5%
Chasseur de primes VI Boushh
5%
Cantina IV Figrin D’An
5%
Pilote Rebelle IV Jek Porkins
5%
Sympatisant de la Résistance VII Lor San Tekka
5%
Dompteur VI Malakili
5%
Clone Pilote III Odd Ball
5%
Ewok VI Paploo
5%
Servante I Saché
5%
Sénatrice II III Sly Moore
5%
Pilote de la Résistance VII Snap Wexley
5%
Musicien VI Sy Snootles
5%
Charognard VII Teedo
5%
Général de l'Empire IV Cassio Tagge
4%
Musicien VI Droopy McCool
4%
Droïde de torture VI EV-9D9
4%
Commentateurs I Fode & Beed
4%
Podracer I Gasgano
4%
Séparatiste II III Po Nudo
4%
Servante I Rabé
4%
Enfant I Wald
4%
Servante I Yané
4%
Jedi III Zett Jukassa
4%
Amiral de la Résistance VII Amiral Statura
3%
Espionne VII Bazine Netal
3%
Podracer I Ben Quadonaros
3%
Lieutenant du Premier Ordre VII Dopheld Mitaka
3%
Drogué II Elan Sleazebaggano
3%
Pilote de la Résistance VII Ello Asty
3%
Chasseur VII Grummgar
3%
Pilote de la Résistance VII Jess Testor Pava
3%
Représentante de la Résistance VII Korr Sella
3%
Cantina IV Muftak
3%
Jedi II Pablo-Jill
3%
Pirate VII Sidon Ithano
3%
Gangster VII Tasu Leech
3%
Pilote Rebelle VI Ten Numb
3%
Cantina IV Wuher
3%
Pilote Rebelle VI Arvel Crynyd
2%
Gangster VI Barada
2%
Major de la Résistance VII Caluan Ematt
2%
Pilote Rebelle IV Dutch Vander
2%
Jedi II Fi-Ek Sirch
2%
Pilote Rebelle IV Garven Dreis
2%
Docteur de la Résistance VII Harter Kalonia
2%
Pilote Rebelle V Hobbie Klivian
2%
Cantina IV Kabe
2%
Chancelier VII Lanever Villecham
2%
Major de la Résistance VII Major Brance
2%
Podracer I Mars Guo
2%
Cantina IV Momaw Nadon
2%
Officier de l'Empire IV Moradmin Bast
2%
Podracer I Ody Mandrell
2%
Podracer I Ratts Tyerell
2%
Gangster VII Razoo Qin-Fee
2%
Gangster VI Tessek
2%
Pilote Rebelle IV Theron Nett
2%
Commandant Rebelle IV Vanden Willard
2%
Pilote Rebelle V Zev Senesca
2%
Gangster VI Amanaman
1%
Cantina IV Bom Vimdin
1%
Cantina IV Boshek
1%
Lieutenant de l'Empire V Cabbel
1%
Colonel du Premier Ordre VII Colonel Datoo
1%
Pilote Rebelle IV Davish "Pops" Krail
1%
Cantina IV Djas Puhr
1%
Cantina IV Ellorrs Madak
1%
Gangster VI Ephant Mom
1%
Droïde espion VII GA-97
1%
Cantina IV Hem Dazon
1%
Pilote Rebelle IV John D. Branon
1%
Technicienne de la Résistance VII Kaydel Ko
1%
Cantina IV Lak Sivrak
1%
Cantina IV Pons Limbic
1%
Jedi II Sarrissa Jeng
1%
Podracer I Teemto Pagalies
1%
Pilote Rebelle IV Tiree
1%
Officier Rebelle V Toryn Farr
1%
Cantina IV Wioslea
1%
Gangster VI Wooof
1%
Cantina IV Baniss Keeg
0%
Cantina IV Nabrun Leids
0%
Aucun quiz correspondant
Distribution des résultats
% des personnes avec chaque résultat
Percentile par nombre de réponses
Votre historique - résultats
Vous n’avez pas pris ce quiz depuis la dernière actualisation